Statistics for Liverpool's Top 10 English Premier League Goalscorers

Click here to take the quiz!

General Stats

  • This quiz has been taken 247 times
  • The average score is 6 of 10

Answer Stats

GoalsAnswer% Correct
120Steven Gerrard
97%
118Michael Owen
91%
128Robbie Fowler
91%
50Daniel Sturridge
55%
41Steve McManaman
47%
39Emile Heskey
43%
22John Barnes
42%
30Jamie Redknapp
35%
25Danny Murphy
30%
26Stan Collymore
25%

Score Distribution

Percentile by Number Answered

Percent of People with Each Score

Your Score History

You have not taken this quiz